000 01453nam a22003617a 4500
003 CHAP
005 20220329143928.0
008 120904s2012 mx r 00010 spa d
010 _a103854
011 _a104826
035 _a115516
040 _cCHAP
090 _aTesis
100 1 _aReyes Luengas, Alberto
_996888
245 1 0 _aCaracterización fenólogica de cultivares de jamaica (Hibiscus sabdariffa L.) y desarrollo de una bebida funcional con base en sus extractos
_h[En línea]
_c/por Alberto Reyes Luengas
260 _aChapingo, Méx. :
_bEl autor,
_c2012
500 _aPara ver el contenido del material haga clic en la liga
502 _aTesis (Ing. Agr. Esp. en Ingeniería Agroindustrial) <U+2013> UACH. Departamento de Ingeniería Agroindustrial
590 _aALEPH
_b10
_c20130110
_lUCH01
_h1546
590 _aBATCH-UPD
_b10
_c20130110
_lUCH01
_h0939
590 _aBATCH-UPD
_b10
_c20140324
_lUCH01
_h1533
590 _aBATCH-UPD
_b10
_c20141002
_lUCH01
_h0855
590 _aCONVERSION
_b10
_c20130109
_lUCH01
_h1357
650 0 4 _aAntocianinas.
_96078
650 0 4 _aBebidas
_xCalidad.
_911111
650 0 4 _aJamaica.
_960987
650 0 4 _aPolifloidia.
_990232
856 _3Finding aid
_uhttp://10.13.5.2/tesis/115516.pdf
_zTeclea aqui
901 _aBK
942 _cFOLL
949 _aTesis
_bBC
_cTES
_d33724002058941
_eTS1
_gDonaciØn
_h53976
_i115516
_st
949 _aTesis
_bBC
_cTES
_d33724002058983
_eTS2
_fc.2
_gDonaciØn
_h53977
_i115516
_st
999 _c103854
_d103854